<?xml version="1.0" encoding="UTF-8"?><?xml-stylesheet type="text/xsl" href="static/style.xsl"?><OAI-PMH xmlns="http://www.openarchives.org/OAI/2.0/" xmlns:xsi="http://www.w3.org/2001/XMLSchema-instance" xsi:schemaLocation="http://www.openarchives.org/OAI/2.0/ http://www.openarchives.org/OAI/2.0/OAI-PMH.xsd"><responseDate>2026-04-27T21:28:44Z</responseDate><request verb="GetRecord" identifier="oai:uvadoc.uva.es:10324/32909" metadataPrefix="marc">https://uvadoc.uva.es/oai/request</request><GetRecord><record><header><identifier>oai:uvadoc.uva.es:10324/32909</identifier><datestamp>2022-03-07T09:00:08Z</datestamp><setSpec>com_10324_38</setSpec><setSpec>col_10324_787</setSpec></header><metadata><record xmlns="http://www.loc.gov/MARC21/slim" xmlns:doc="http://www.lyncode.com/xoai" xmlns:xsi="http://www.w3.org/2001/XMLSchema-instance" xmlns:dcterms="http://purl.org/dc/terms/" xsi:schemaLocation="http://www.loc.gov/MARC21/slim http://www.loc.gov/standards/marcxml/schema/MARC21slim.xsd">
<leader>00925njm 22002777a 4500</leader>
<datafield tag="042" ind1=" " ind2=" ">
<subfield code="a">dc</subfield>
</datafield>
<datafield tag="720" ind1=" " ind2=" ">
<subfield code="a">Caminero Ruiz, Lorena</subfield>
<subfield code="e">author</subfield>
</datafield>
<datafield tag="260" ind1=" " ind2=" ">
<subfield code="c">2018</subfield>
</datafield>
<datafield tag="520" ind1=" " ind2=" ">
<subfield code="a">En este Trabajo Fin de Máster realizamos un estudio sobre los problemas más comunes de las familias usuarias de un Punto de Encuentro Familiar cuyos progenitores están separados o divorciados con el fin de definir una serie de pautas y recomendaciones orientativas para la resolución de dichos problemas y la mejora de la situación familiar. Para ello, tendremos en cuenta los aspectos generales de los Puntos de Encuentro Familiar como sus objetivos y principios de intervención, los modelos familiares en la actualidad y las consecuencias que conllevan la separación y el divorcio en las familias. Además, investigaremos sobre la evolución del concepto de orientación psicopedagógica y sus contextos de aplicación y el papel del psicopedagogo en los Puntos de Encuentro Familiar.</subfield>
</datafield>
<datafield tag="024" ind2=" " ind1="8">
<subfield code="a">http://uvadoc.uva.es/handle/10324/32909</subfield>
</datafield>
<datafield tag="245" ind1="0" ind2="0">
<subfield code="a">Las familias tras el divorcio o separación de los progenitores en los Puntos de Encuentro Familiar: los problemas familiares</subfield>
</datafield>
</record></metadata></record></GetRecord></OAI-PMH>